[Event "Arvier Grand Paradis op-A 4th"]
[Site "Arvier"]
[Date "2017.07.31"]
[Round "2.4"]
[White "Ciuffoletti, Paolo"]
[Black "Marguerettaz, Davy"]
[Result "1-0"]
[WhiteElo "2132"]
[BlackElo "2160"]
[PlyCount "93"]
[EventDate "2017.07.30"]
[EventType "swiss"]
[EventRounds "7"]
[EventCountry "ITA"]
[SourceTitle "EXT 2023"]
[Source "ChessBase"]
[SourceDate "2022.10.05"]
[SourceVersion "1"]
[SourceVersionDate "2022.10.05"]
[SourceQuality "1"]

1. e4 e5 2. Nf3 Nf6 3. Bc4 Nxe4 4. Nc3 Nxc3 5. dxc3 f6 6. Nh4 g6 7. f4 Qe7 8. f5 Qg7 9. fxg6 hxg6 10. Qg4 g5 11. Nf5 Qh7 12. Bd3 Qf7 13. 0-0 Nc6 14. Qe2 Bc5+ 15. Be3 Bxe3+ 16. Nxe3 d6 17. Bf5 Bxf5 18. Rxf5 0-0-0 19. Ng4 Rhf8 20. Rxf6 Qe7 21. Raf1 Rxf6 22. Rxf6 Rf8 23. Qf3 Rxf6 24. Qxf6 Qxf6 25. Nxf6 Nd8 26. Kf2 Ne6 27. Kf3 Kd8 28. Kg4 b5 29. Ne4 d5 30. Nxg5 Nxg5 31. Kxg5 c5 32. h4 Ke7 33. h5 e4 34. Kf4 c4 35. g4 Kf6 36. g5+ Kg7 37. b3 Kf7 38. bxc4 bxc4 39. g6+ Kf6 40. Kg4 a6 41. a3 a5 42. a4 Kg7 43. Kg5 e3 44. h6+ Kg8 45. Kf6 e2 46. h7+ Kh8 47. Kf7 1-0

[Event "Arvier Spring op-A"]
[Site "Arvier"]
[Date "2017.04.25"]
[Round "7"]
[White "Marguerettaz, Davy"]
[Black "Nester, Ihor"]
[Result "1-0"]
[WhiteElo "2147"]
[BlackElo "2332"]
[PlyCount "85"]
[EventDate "2017.04.21"]
[EventType "swiss"]
[EventRounds "7"]
[EventCountry "ITA"]
[SourceTitle "CBM 178 Extra"]
[Source "ChessBase"]
[SourceDate "2017.06.22"]
[SourceVersion "1"]
[SourceVersionDate "2017.06.22"]
[SourceQuality "1"]

1. d4 f5 2. c4 Nf6 3. Nc3 e6 4. e3 b6 5. Bd3 Bb7 6. f3 Bb4 7. Nge2 0-0 8. a3 Bxc3+ 9. Nxc3 Nh5 10. 0-0 f4 11. Qc2 g6 12. exf4 Nxf4 13. Bxf4 Rxf4 14. Bxg6 Rxd4 15. Bxh7+ Kh8 16. Be4 d5 17. cxd5 exd5 18. Bd3 Rh4 19. Rae1 c5 20. Bb5 Qf6 21. Re8+ Kg7 22. Rfe1 Nc6 23. R1e6 Qf7 24. Qd2 Rh5 25. Qe1 Rxe8 26. Rxe8 Qf4 27. h3 Re5 28. Rxe5 Nxe5 29. Ne2 Qe3+ 30. Qf2 Qxf2+ 31. Kxf2 a6 32. f4 axb5 33. fxe5 d4 34. Nf4 Kf7 35. g4 c4 36. g5 Be4 37. h4 Bf5 38. h5 Kg7 39. h6+ Kh7 40. e6 Be4 41. e7 Bc6 42. Nd5 Kg6 43. Nf6 1-0

[Event "Arvier Spring op-A"]
[Site "Arvier"]
[Date "2017.04.21"]
[Round "1"]
[White "Lazarev, Vladimir"]
[Black "Marguerettaz, Davy"]
[Result "1-0"]
[WhiteElo "2373"]
[BlackElo "2147"]
[PlyCount "50"]
[EventDate "2017.04.21"]
[EventType "swiss"]
[EventRounds "7"]
[EventCountry "ITA"]
[SourceTitle "CBM 178 Extra"]
[Source "ChessBase"]
[SourceDate "2017.06.22"]
[SourceVersion "1"]
[SourceVersionDate "2017.06.22"]
[SourceQuality "1"]

1. d4 d5 2. c4 e6 3. Nf3 c6 4. Qc2 Nf6 5. g3 Be7 6. Bg2 0-0 7. 0-0 b5 8. c5 Ne4 9. Nc3 f5 10. Ne5 Bf6 11. Bf4 g5 12. Nxe4 dxe4 13. Be3 Nd7 14. Nxc6 Qc7 15. d5 exd5 16. Nb4 d4 17. Nd5 Qe5 18. Nxf6+ Qxf6 19. Bd2 Ne5 20. f3 exf3 21. exf3 Bb7 22. Bxg5 Qxg5 23. f4 Qg7 24. Bxb7 Qxb7 25. fxe5 Qe7 1-0

[Event "Arvier Amatori op 6th"]
[Site "Arvier"]
[Date "2016.01.06"]
[Round "5"]
[White "Marguerettaz, Davy"]
[Black "Baloire, Endy"]
[Result "1/2-1/2"]
[WhiteElo "2163"]
[BlackElo "1991"]
[PlyCount "116"]
[EventDate "2016.01.03"]
[EventType "swiss"]
[EventRounds "5"]
[EventCountry "ITA"]
[SourceTitle "EXT 2017"]
[Source "ChessBase"]
[SourceDate "2016.10.25"]
[SourceVersion "1"]
[SourceVersionDate "2016.10.25"]
[SourceQuality "1"]

1. d4 d5 2. c4 e6 3. Nc3 Nf6 4. Nf3 c6 5. e3 Nbd7 6. Qc2 Bd6 7. b3 0-0 8. Be2 b6 9. 0-0 Bb7 10. Bb2 Rc8 11. Rfd1 Qe7 12. e4 dxe4 13. Nxe4 Nxe4 14. Qxe4 Nf6 15. Qh4 c5 16. dxc5 Bxc5 17. Bxf6 Qxf6 18. Qxf6 gxf6 19. Rd7 Bxf3 20. Bxf3 a5 21. Bh5 Rce8 22. Rad1 Re7 23. Rxe7 Bxe7 24. Rd7 Bc5 25. Kf1 f5 26. Ke2 Kg7 27. f3 Kf6 28. f4 Be7 29. Rb7 Bc5 30. h3 Bg1 31. a3 Bc5 32. b4 axb4 33. axb4 Bxb4 34. Rxb6 Be7 35. Rb7 Rd8 36. Rc7 Rd4 37. g3 Rd8 38. c5 Rd5 39. c6 e5 40. Rb7 Rc5 41. fxe5+ Rxe5+ 42. Kd3 Rc5 43. Bf3 Bd6 44. g4 fxg4 45. hxg4 h6 46. Rd7 Be5 47. Bd5 Kg5 48. Ke4 Bg3 49. Rxf7 Kxg4 50. Rg7+ Kh4 51. Kd4 Bf2+ 52. Ke5 Bg3+ 53. Kd4 Bf2+ 54. Ke5 Bg3+ 55. Ke6 h5 56. Bf3 Kh3 57. Rh7 h4 58. Rg7 Kh2 1/2-1/2

[Event "Arvier op 2nd"]
[Site "Arvier"]
[Date "2015.07.27"]
[Round "2"]
[White "Marguerettaz, Davy"]
[Black "Piazza, Giacomo"]
[Result "1-0"]
[WhiteElo "2193"]
[BlackElo "1542"]
[PlyCount "55"]
[EventDate "2015.07.26"]
[EventType "swiss"]
[EventRounds "7"]
[EventCountry "ITA"]
[SourceTitle "EXT 2016"]
[Source "ChessBase"]
[SourceDate "2015.10.08"]
[SourceVersion "1"]
[SourceVersionDate "2015.10.08"]
[SourceQuality "1"]

1. e4 c6 2. d4 d6 3. c4 Qc7 4. Nc3 Nf6 5. Bd3 Bg4 6. f3 Bh5 7. Nge2 Nbd7 8. Be3 e5 9. 0-0 Be7 10. d5 0-0 11. Rb1 Rab8 12. Bxa7 Ra8 13. Bf2 Bg6 14. Qd2 Nh5 15. b4 Qd8 16. dxc6 bxc6 17. b5 cxb5 18. cxb5 Nb6 19. Kh1 h6 20. Ra1 Rc8 21. a4 Nc4 22. Bxc4 Rxc4 23. a5 Nf4 24. Nxf4 exf4 25. Nd5 Bf6 26. Nxf6+ Qxf6 27. a6 Rfc8 28. b6 1-0

[Event "Padova op-A 17th"]
[Site "Padova"]
[Date "2014.12.19"]
[Round "7.15"]
[White "Petkov, Vladimir"]
[Black "Marguerettaz, Davy"]
[Result "1-0"]
[WhiteElo "2525"]
[BlackElo "2223"]
[PlyCount "47"]
[EventDate "2014.12.14"]
[EventType "swiss"]
[EventRounds "9"]
[EventCountry "ITA"]
[SourceTitle "EXT 2024"]
[Source "ChessBase"]
[SourceDate "2023.10.10"]
[SourceVersion "1"]
[SourceVersionDate "2023.10.10"]
[SourceQuality "1"]

1. d4 d5 2. c4 c6 3. Nf3 Nf6 4. Nc3 dxc4 5. a4 Na6 6. e4 Bg4 7. Bxc4 e6 8. Be3 Nb4 9. Be2 Be7 10. a5 0-0 11. 0-0 Rc8 12. Qb3 Qc7 13. Rfd1 a6 14. Ra4 c5 15. dxc5 Nc6 16. Qc2 Nxa5 17. e5 Bf5 18. Bd3 Ng4 19. Bxf5 exf5 20. Nd5 Nxe3 21. fxe3 Qd8 22. Rxa5 Qxa5 23. Nxe7+ Kh8 24. Nxc8 1-0

[Event "Padova op-A 17th"]
[Site "Padova"]
[Date "2014.12.18"]
[Round "6.15"]
[White "Marguerettaz, Davy"]
[Black "Aghayev, Miragha"]
[Result "0-1"]
[WhiteElo "2223"]
[BlackElo "2372"]
[PlyCount "61"]
[EventDate "2014.12.14"]
[EventType "swiss"]
[EventRounds "9"]
[EventCountry "ITA"]
[SourceTitle "EXT 2024"]
[Source "ChessBase"]
[SourceDate "2023.10.10"]
[SourceVersion "1"]
[SourceVersionDate "2023.10.10"]
[SourceQuality "1"]

1. e4 c5 2. Nf3 d6 3. d4 cxd4 4. Qxd4 Nc6 5. Bb5 Bd7 6. Bxc6 Bxc6 7. Nc3 e5 8. Qd3 h6 9. 0-0 Nf6 10. Re1 Be7 11. b3 a6 12. a4 0-0 13. Bb2 Qd7 14. a5 Nh5 15. Rad1 Nf4 16. Qf1 Qc7 17. g3 Nh5 18. Qh3 Nf6 19. Nh4 Bd7 20. Nf5 Bxf5 21. exf5 Qxa5 22. g4 Qb4 23. f3 Rac8 24. Rd3 Rfe8 25. Qg2 d5 26. Ra1 d4 27. Ne4 Nd5 28. Bc1 Qe1+ 29. Qf1 Qxf1+ 30. Kxf1 Rxc2 31. h4 0-1

[Event "Arvier Grand Paradis op"]
[Site "Arvier"]
[Date "2014.07.25"]
[Round "7"]
[White "Marguerettaz, Davy"]
[Black "Ciuffoletti, Paolo"]
[Result "1-0"]
[WhiteElo "2187"]
[BlackElo "2171"]
[PlyCount "61"]
[EventDate "2014.07.19"]
[EventType "swiss"]
[EventRounds "8"]
[EventCountry "ITA"]
[SourceTitle "EXT 2016"]
[Source "ChessBase"]
[SourceDate "2015.10.08"]
[SourceVersion "1"]
[SourceVersionDate "2015.10.08"]
[SourceQuality "1"]

1. d4 d5 2. c4 c6 3. Nf3 Nf6 4. Nc3 dxc4 5. a4 Bg4 6. Ne5 Bh5 7. f3 e6 8. g4 Nd5 9. h4 f6 10. Nxc4 Bf7 11. e4 Nb4 12. Be3 Nd7 13. Be2 e5 14. 0-0 exd4 15. Bxd4 Nc5 16. Bf2 Ncd3 17. Bxd3 Nxd3 18. b3 h5 19. Qc2 Bxc4 20. Rad1 Ba6 21. Nb5 cxb5 22. Rxd3 Qc8 23. Rc3 Qe6 24. e5 Bb4 25. exf6 Bxc3 26. fxg7 Rg8 27. Qxc3 Kf7 28. Re1 Qf6 29. Bd4 Qc6 30. Qe3 Rge8 31. g8Q+ 1-0

[Event "Arvier Grand Paradis op"]
[Site "Arvier"]
[Date "2014.07.23"]
[Round "5"]
[White "Marguerettaz, Davy"]
[Black "Naumkin, Igor"]
[Result "1-0"]
[WhiteElo "2187"]
[BlackElo "2445"]
[PlyCount "113"]
[EventDate "2014.07.19"]
[EventType "swiss"]
[EventRounds "8"]
[EventCountry "ITA"]
[SourceTitle "EXT 2016"]
[Source "ChessBase"]
[SourceDate "2015.10.08"]
[SourceVersion "1"]
[SourceVersionDate "2015.10.08"]
[SourceQuality "1"]

1. d4 e6 2. e4 d5 3. Nc3 Nf6 4. e5 Nfd7 5. Nce2 c5 6. c3 Nc6 7. f4 b5 8. a3 Qb6 9. Be3 c4 10. Nf3 Be7 11. g3 f6 12. Bh3 fxe5 13. Bxe6 e4 14. Ng5 Nf6 15. 0-0 Nd8 16. Bxc8 Rxc8 17. a4 Ng4 18. Bc1 b4 19. a5 Qc6 20. cxb4 Bxb4 21. Nc3 Nf6 22. f5 0-0 23. Bf4 h6 24. Nh3 Nb7 25. Be5 Nd7 26. Qg4 Nxe5 27. dxe5 Rce8 28. e6 Bc5+ 29. Kg2 Be7 30. Nf4 d4 31. Nh5 Bg5 32. Qxe4 Qxe4+ 33. Nxe4 g6 34. fxg6 Rxf1 35. Rxf1 Rxe6 36. Nxg5 Rxg6 37. Nf3 c3 38. Nxd4 cxb2 39. Rb1 Nxa5 40. Rxb2 Rb6 41. Ra2 Nc4 42. Rxa7 Ne3+ 43. Kf3 Nc4 44. h4 Rd6 45. Nf5 Re6 46. g4 Ne5+ 47. Kg3 Rb6 48. g5 Rb3+ 49. Kf4 Ng6+ 50. Ke4 Rb4+ 51. Kd3 hxg5 52. hxg5 Ne5+ 53. Kc3 Rc4+ 54. Kb3 Rc5 55. Nf6+ Kf8 56. g6 Rb5+ 57. Ka4 1-0

[Event "Arvier Amatori op 4th"]
[Site "Arvier"]
[Date "2014.01.03"]
[Round "3"]
[White "Marguerettaz, Davy"]
[Black "Cirrincione, Giansalvo"]
[Result "1-0"]
[WhiteElo "2188"]
[BlackElo "1795"]
[PlyCount "101"]
[EventDate "2014.01.02"]
[EventType "swiss"]
[EventRounds "5"]
[EventCountry "ITA"]
[SourceTitle "EXT 2015"]
[Source "ChessBase"]
[SourceDate "2014.11.20"]
[SourceVersion "1"]
[SourceVersionDate "2014.11.20"]
[SourceQuality "1"]

1. d4 e6 2. e4 d5 3. Nc3 dxe4 4. Nxe4 Nd7 5. Nf3 Ngf6 6. Nxf6+ Nxf6 7. c3 Be7 8. Bd3 0-0 9. Ne5 b6 10. Nc6 Qe8 11. Nxe7+ Qxe7 12. Bg5 Bb7 13. Qc2 h6 14. Bh4 e5 15. 0-0-0 exd4 16. cxd4 Qe6 17. Kb1 Be4 18. Rhe1 Bxd3 19. Qxd3 Qd6 20. Bg3 Qd7 21. Qc4 Nd5 22. Re5 c6 23. Rde1 Rfe8 24. Qe2 Rxe5 25. dxe5 Qe6 26. Qe4 Re8 27. f4 Qe7 28. a3 Qc5 29. Rc1 Qb5 30. f5 Qb3 31. Rxc6 Qd1+ 32. Ka2 Ne3 33. e6 Qd5+ 34. Qxd5 Nxd5 35. exf7+ Kxf7 36. Rd6 Ne3 37. Rd7+ Re7 38. Rxe7+ Kxe7 39. Bb8 a6 40. Ba7 Nd5 41. Kb3 Kd7 42. Kc4 Kc6 43. Bb8 Ne3+ 44. Kd4 Nxf5+ 45. Ke5 Ne3 46. Ke6 Nxg2 47. Kf7 Ne3 48. Be5 Ng4 49. Bg3 Ne3 50. Kxg7 Nf5+ 51. Kg6 1-0

[Event "ITA-chT A1.1"]
[Site "Arvier"]
[Date "2013.03.17"]
[Round "4"]
[White "Marguerettaz, Davy"]
[Black "Georgiev, Vladimir"]
[Result "0-1"]
[WhiteElo "2189"]
[BlackElo "2562"]
[PlyCount "66"]
[EventDate "2013.03.15"]
[EventType "team"]
[EventRounds "5"]
[EventCountry "ITA"]
[SourceTitle "EXT 2014"]
[Source "ChessBase"]
[SourceDate "2013.11.20"]
[SourceVersion "1"]
[SourceVersionDate "2013.11.20"]
[SourceQuality "1"]

1. e4 c5 2. Nf3 Nc6 3. d4 cxd4 4. Nxd4 d5 5. Bb5 dxe4 6. Nxc6 Qxd1+ 7. Kxd1 a6 8. Nxe7+ Kxe7 9. Be2 Be6 10. c3 f5 11. Be3 Kf7 12. Nd2 Ne7 13. Kc2 Nd5 14. Bd4 Rc8 15. a3 Nf4 16. Bf1 Be7 17. g3 Rhd8 18. Be3 Nd5 19. Bd4 Nb4+ 20. Kb1 Rxd4 21. cxd4 Nc2 22. Bc4 Bxc4 23. Nxc4 Nxa1 24. Ne5+ Ke6 25. Kxa1 Rc2 26. f3 Kd5 27. Rd1 Rxh2 28. fxe4+ fxe4 29. Nd7 e3 30. Nb6+ Ke4 31. d5 e2 32. Rc1 Rf2 33. Rc4+ Ke5 0-1

[Event "Arvier Amatori op 3rd"]
[Site "Arvier"]
[Date "2013.01.03"]
[Round "2"]
[White "Marguerettaz, Davy"]
[Black "Pierantoni, Mauro"]
[Result "1-0"]
[WhiteElo "2199"]
[BlackElo "1810"]
[PlyCount "35"]
[EventDate "2013.01.02"]
[EventType "swiss"]
[EventRounds "7"]
[EventCountry "ITA"]
[SourceTitle "EXT 2014"]
[Source "ChessBase"]
[SourceDate "2013.11.20"]
[SourceVersion "1"]
[SourceVersionDate "2013.11.20"]
[SourceQuality "1"]

1. d4 e6 2. c4 d6 3. e4 g6 4. Nc3 Bg7 5. Be3 Ne7 6. Qd2 Nbc6 7. Nf3 0-0 8. Be2 e5 9. d5 Nb8 10. 0-0 a6 11. c5 dxc5 12. Bxc5 Nd7 13. Ba3 Re8 14. Rfd1 b5 15. Rac1 Rb8 16. d6 Nc6 17. Nd5 cxd6 18. Rxc6 1-0

[Event "Bratto op-B 32nd"]
[Site "Bratto"]
[Date "2012.08.20"]
[Round "3"]
[White "Casagrande, Fabio"]
[Black "Marguerettaz, Davy"]
[Result "0-1"]
[WhiteElo "1981"]
[BlackElo "2214"]
[PlyCount "54"]
[EventDate "2012.08.18"]
[EventType "swiss"]
[EventRounds "9"]
[EventCountry "ITA"]
[SourceTitle "EXT 2014"]
[Source "ChessBase"]
[SourceDate "2013.11.20"]
[SourceVersion "1"]
[SourceVersionDate "2013.11.20"]
[SourceQuality "1"]

1. e4 e5 2. Nf3 Nc6 3. d4 exd4 4. Bc4 Bc5 5. c3 Nf6 6. cxd4 Bb4+ 7. Bd2 Nxe4 8. Bxb4 Nxb4 9. Bxf7+ Kxf7 10. Qb3+ d5 11. Qxb4 Rf8 12. Nbd2 a5 13. Qb3 Nxd2 14. Kxd2 Kg8 15. Rae1 Ra6 16. Re5 Rb6 17. Qc3 Bf5 18. Rc1 Be4 19. b3 Bxf3 20. gxf3 Qh4 21. Ke2 Rc6 22. Qe3 Rxc1 23. Qxc1 Qxd4 24. Qxc7 Qf4 25. Qc3 d4 26. Qc4+ Kh8 27. Re4 Qxf3+ 0-1

[Event "Condino op 12th"]
[Site "Condino"]
[Date "2012.07.28"]
[Round "7"]
[White "Marguerettaz, Davy"]
[Black "Vallejo Pons, Francisco"]
[Result "0-1"]
[WhiteElo "2214"]
[BlackElo "2697"]
[PlyCount "46"]
[EventDate "2012.07.22"]
[EventType "swiss"]
[EventRounds "7"]
[EventCountry "ITA"]
[SourceTitle "CBM 149 Extra"]
[Source "ChessBase"]
[SourceDate "2012.08.24"]
[SourceVersion "1"]
[SourceVersionDate "2012.08.24"]
[SourceQuality "1"]

1. d4 Nf6 2. Nf3 e6 3. Bf4 b6 4. e3 Bb7 5. Bd3 d6 6. c4 g6 7. Nc3 Bg7 8. h3 0-0 9. 0-0 Nbd7 10. Bh2 Re8 11. e4 e5 12. d5 a5 13. a3 Nh5 14. b4 Rf8 15. Bc2 Ba6 16. Nd2 Bh6 17. Nb5 axb4 18. axb4 Bxb5 19. Rxa8 Qxa8 20. cxb5 Qa3 21. Nf3 Qxb4 22. Qa1 Nc5 23. Qa7 Rc8 0-1

[Event "Condino op 12th"]
[Site "Condino"]
[Date "2012.07.27"]
[Round "6"]
[White "Marguerettaz, Davy"]
[Black "Murgia, Andrea"]
[Result "1-0"]
[WhiteElo "2214"]
[BlackElo "2017"]
[PlyCount "69"]
[EventDate "2012.07.22"]
[EventType "swiss"]
[EventRounds "7"]
[EventCountry "ITA"]
[SourceTitle "CBM 149 Extra"]
[Source "ChessBase"]
[SourceDate "2012.08.24"]
[SourceVersion "1"]
[SourceVersionDate "2012.08.24"]
[SourceQuality "1"]

1. d4 f5 2. Nc3 Nf6 3. Bg5 d5 4. Bxf6 exf6 5. e3 Be6 6. Qf3 g6 7. Bb5+ c6 8. Bd3 b5 9. Nge2 b4 10. Nb1 Nd7 11. Nf4 Bf7 12. h3 Ne5 13. Qe2 Nxd3+ 14. Nxd3 Bd6 15. Nd2 0-0 16. 0-0 Re8 17. Nb3 f4 18. Qf3 fxe3 19. fxe3 f5 20. Nbc5 Qg5 21. Rfe1 Re4 22. Nd7 Rae8 23. N7e5 c5 24. Nxf7 Kxf7 25. Nxc5 Bxc5 26. dxc5 d4 27. Rad1 dxe3 28. Rd7+ R8e7 29. c6 Ke8 30. Qd1 Qg3 31. Re2 f4 32. Qd5 R4e6 33. c7 Kf7 34. Rxe7+ Kxe7 35. c8Q 1-0

[Event "Condino op 12th"]
[Site "Condino"]
[Date "2012.07.22"]
[Round "2"]
[White "Marguerettaz, Davy"]
[Black "Lezzerini, Marco"]
[Result "1-0"]
[WhiteElo "2214"]
[BlackElo "1948"]
[PlyCount "67"]
[EventDate "2012.07.22"]
[EventType "swiss"]
[EventRounds "7"]
[EventCountry "ITA"]
[SourceTitle "CBM 149 Extra"]
[Source "ChessBase"]
[SourceDate "2012.08.24"]
[SourceVersion "1"]
[SourceVersionDate "2012.08.24"]
[SourceQuality "1"]

1. d4 d6 2. e4 Nf6 3. Nc3 g6 4. g3 Bg7 5. Bg2 0-0 6. Nge2 Nbd7 7. 0-0 e5 8. h3 b6 9. Bg5 h6 10. Be3 Bb7 11. d5 a5 12. Qd2 Kh7 13. a3 Qe7 14. Nb5 Nc5 15. f3 Ba6 16. Nbc3 Ng8 17. Rf2 f5 18. exf5 gxf5 19. f4 Rae8 20. fxe5 dxe5 21. Raf1 Bc8 22. b4 axb4 23. axb4 Nb7 24. Nb5 Nd6 25. Nxd6 Qxd6 26. c4 Rd8 27. c5 Qg6 28. Kh2 Ne7 29. Nc3 Bb7 30. Qa2 Qf7 31. d6 Qxa2 32. Nxa2 Nd5 33. Bxd5 Bxd5 34. dxc7 1-0

[Event "Arvier Amatori op 2nd"]
[Site "Arvier"]
[Date "2012.01.05"]
[Round "4"]
[White "Marguerettaz, Davy"]
[Black "Belabbas, Abdellah"]
[Result "1-0"]
[WhiteElo "2201"]
[BlackElo "1881"]
[PlyCount "55"]
[EventDate "2012.01.02"]
[EventType "swiss"]
[EventRounds "7"]
[EventCountry "ITA"]
[SourceTitle "EXT 2014"]
[Source "ChessBase"]
[SourceDate "2013.11.20"]
[SourceVersion "1"]
[SourceVersionDate "2013.11.20"]
[SourceQuality "1"]

1. e4 c5 2. Nf3 d6 3. d4 cxd4 4. Qxd4 Bd7 5. c4 Nc6 6. Qd2 Nf6 7. Nc3 g6 8. b3 Bg7 9. Bb2 0-0 10. h3 Qa5 11. Bd3 a6 12. 0-0 Rac8 13. a3 Qd8 14. b4 Re8 15. Nd5 e6 16. Ne3 e5 17. Rac1 h6 18. Bb1 Be6 19. Rfe1 Bf8 20. Qe2 Qe7 21. Nd5 Bxd5 22. cxd5 Na7 23. Qe3 b5 24. Qb6 h5 25. Qxa6 Bh6 26. Rxc8 Rxc8 27. Bd3 Qd7 28. Nxe5 1-0